Fundamentals of investment management / (Record no. 8189)
[ view plain ]
| 000 -LEADER | |
|---|---|
| fixed length control field | 01348cac a22003735a 4500 |
| 005 - DATE AND TIME OF LATEST TRANSACTION | |
| control field | 20150816141004.0 |
| 008 - FIXED-LENGTH DATA ELEMENTS--GENERAL INFORMATION | |
| fixed length control field | 090203t1999 maua|||| |||| 001 0 eng d |
| 010 ## - LIBRARY OF CONGRESS CONTROL NUMBER | |
| LC control number | 98023636 |
| 020 ## - INTERNATIONAL STANDARD BOOK NUMBER | |
| International Standard Book Number | 0256246246 (alk. paper) |
| 020 ## - INTERNATIONAL STANDARD BOOK NUMBER | |
| International Standard Book Number | 007228113521 |
| 020 ## - INTERNATIONAL STANDARD BOOK NUMBER | |
| International Standard Book Number | 9780256246247 |
| 022 ## - INTERNATIONAL STANDARD SERIAL NUMBER | |
| International Standard Serial Number | 0072283521 [TextBook] |
| 040 ## - CATALOGING SOURCE | |
| Original cataloging agency | EG-ScBUE |
| Language of cataloging | eng |
| Transcribing agency | EG-ScBUE |
| 082 04 - DEWEY DECIMAL CLASSIFICATION NUMBER | |
| Classification number | 332.6 |
| Item number | HIR |
| Edition number | 22 |
| 100 1# - MAIN ENTRY--PERSONAL NAME | |
| Personal name | Hirt, Geoffrey A. |
| 245 10 - TITLE STATEMENT | |
| Title | Fundamentals of investment management / |
| Statement of responsibility, etc | Geoffrey A. Hirt., Stanley B. Block. |
| 246 30 - VARYING FORM OF TITLE | |
| Title proper/short title | Investment management |
| 250 ## - EDITION STATEMENT | |
| Edition statement | 6th ed. |
| Remainder of edition statement | Text Book. |
| 260 ## - PUBLICATION, DISTRIBUTION, ETC. (IMPRINT) | |
| Place of publication, distribution, etc | Boston : |
| Name of publisher, distributor, etc | Irwin/McGraw-Hill, |
| Date of publication, distribution, etc | c.1999. |
| 300 ## - PHYSICAL DESCRIPTION | |
| Extent | xxviii, 708 p.: |
| Other physical details | ill. ; |
| Dimensions | 24 cm. + |
| Accompanying material | 1 computer laser optical disc (4 3/4 in.) |
| 440 #4 - | |
| -- | The Irwin/McGraw-Hill series in finance, insurance and real estate |
| 500 ## - GENERAL NOTE | |
| General note | Index : p. 695-708. |
| 500 ## - GENERAL NOTE | |
| General note | Glossary : p. 673-694. |
| 504 ## - BIBLIOGRAPHY, ETC. NOTE | |
| Bibliography, etc | Includes bibliographical references. |
| 538 ## - SYSTEM DETAILS NOTE | |
| System details note | System requirements for accompanying computer disc: IBM-compatible PC; Windows 95 or Windows NT 4.0 or later. |
| 590 ## - LOCAL NOTE (RLIN) | |
| Local note | Doha Ragab |
| 650 #0 - SUBJECT ADDED ENTRY--TOPICAL TERM | |
| Topical term or geographic name as entry element | Investments. |
| Source of heading or term | BUEsh |
| 650 #0 - SUBJECT ADDED ENTRY--TOPICAL TERM | |
| Topical term or geographic name as entry element | Investments |
| Geographic subdivision | United States. |
| Source of heading or term | BUEsh |
| 9 (RLIN) | 36780 |
| 650 #0 - SUBJECT ADDED ENTRY--TOPICAL TERM | |
| Topical term or geographic name as entry element | Investment analysis. |
| Source of heading or term | BUEsh |
| 651 ## - SUBJECT ADDED ENTRY--GEOGRAPHIC NAME | |
| Source of heading or term | BUEsh |
| 653 ## - INDEX TERM--UNCONTROLLED | |
| Resource For college | BAEPS, Business Administration |
| Arrived date list | August2015 |
| 700 1# - ADDED ENTRY--PERSONAL NAME | |
| Personal name | Block, Stanley B. |
| 942 ## - ADDED ENTRY ELEMENTS (KOHA) | |
| Item type | NB - Book (Non borrowing) |
| Source of classification or shelving scheme | Dewey Decimal Classification |
| Withdrawn status | Item status | Source of classification or shelving scheme | Damaged status | Not for loan | Vendor | Home library | Current library | Shelving location | Date acquired | Source of acquisition | Total Checkouts | Full call number | Barcode | Date last seen | Koha item type | Cost, normal purchase price | Serial Enumeration / chronology | Date last borrowed |
|---|---|---|---|---|---|---|---|---|---|---|---|---|---|---|---|---|---|---|
| Dewey Decimal Classification | Alahram | Central Library | Central Library | First floor | 27/02/2008 | 332.6 HIR | 000008810 | 15/07/2025 | NB - Book (Non borrowing) | |||||||||
| Dewey Decimal Classification | Central Library | Central Library | First floor | 27/02/2008 | Purchase | 332.6 HIR | 000009944 | 15/07/2025 | Book - Borrowing | |||||||||
| Dewey Decimal Classification | Alahram | Central Library | Central Library | First floor | 03/02/2009 | 332.6 HIR | 000006715 | 15/07/2025 | Book - Borrowing | |||||||||
| Dewey Decimal Classification | Alahram | Central Library | Central Library | First floor | 03/02/2009 | 1 | 332.6 HIR | 000014490 | 15/07/2025 | Book - Borrowing | 374.00 | 6385 | 23/12/2020 |